000 00564nam a2200169Ia 4500
008 140529s9999 xx 000 0 und d
020 _a9789712356810
050 _aDS 668.A3
_b.F965 2010
100 _aFuntecha, Henry Florida.
245 _aA study guide in Philippine history /
_cHenry Florida Funtecha and Melanie Jalandoni Padilla
260 _aManila, Philippines :
_bRex Book Store, Inc.,
_cc2010.
300 _a142 p. ;
_c26 cm.
500 _aIncludes bibliographical references and index.
521 _aGE
942 _kLOC
_cBK
999 _c117657
_d117657